<?xml version="1.0" encoding="UTF-8"?>
<record
    xmlns:xsi="http://www.w3.org/2001/XMLSchema-instance"
    xsi:schemaLocation="http://www.loc.gov/MARC21/slim http://www.loc.gov/standards/marcxml/schema/MARC21slim.xsd"
    xmlns="http://www.loc.gov/MARC21/slim">

  <leader>01692nam a2200265   4500</leader>
  <controlfield tag="005">20240530110539.0</controlfield>
  <controlfield tag="008">160504s2014    paua|||f b||| 001 0 eng d</controlfield>
  <datafield tag="020" ind1=" " ind2=" ">
    <subfield code="a">9781455744626</subfield>
  </datafield>
  <datafield tag="040" ind1=" " ind2=" ">
    <subfield code="a">EG-CaGPL</subfield>
  </datafield>
  <datafield tag="082" ind1="0" ind2="4">
    <subfield code="a">616.07582 /</subfield>
    <subfield code="b">C C</subfield>
    <subfield code="2">21</subfield>
  </datafield>
  <datafield tag="100" ind1="1" ind2=" ">
    <subfield code="a">Cibas, Edmund S.</subfield>
  </datafield>
  <datafield tag="245" ind1="1" ind2="0">
    <subfield code="a">Cytology :</subfield>
    <subfield code="b">diagnostic principles and clinical correlates /</subfield>
    <subfield code="c">Edmund S. Cibas, Barbara S. Ducatman.</subfield>
  </datafield>
  <datafield tag="250" ind1=" " ind2=" ">
    <subfield code="a">4th ed.</subfield>
  </datafield>
  <datafield tag="260" ind1=" " ind2=" ">
    <subfield code="a">Philadelphia :</subfield>
    <subfield code="b">Saunders/Elsevier,</subfield>
    <subfield code="c">2014.</subfield>
  </datafield>
  <datafield tag="300" ind1=" " ind2=" ">
    <subfield code="a">xiii, 560 p. :</subfield>
    <subfield code="b">ill. ;</subfield>
    <subfield code="c">30 cm.</subfield>
  </datafield>
  <datafield tag="500" ind1=" " ind2=" ">
    <subfield code="a">"An Expert consult title"--Cover.</subfield>
  </datafield>
  <datafield tag="504" ind1=" " ind2=" ">
    <subfield code="a">Includes bibliographical references and index.</subfield>
  </datafield>
  <datafield tag="505" ind1="0" ind2=" ">
    <subfield code="a">Cervical and vaginal cytology / Edmund S. Cibas -- Respiratory tract / Christopher A. French -- Urine and bladder washings / Andrew A. Renshaw -- Pleural, pericardial, and peritoneal fluids / Edmund S. Cibas -- Peritoneal washings / Edmund S. Cibas -- Cerebrospinal fluid / Edmund S. Cibas -- Gastrointestinal tract / David W. Kindelberger and Helen H. Wang -- Breast / Barbara S. Ducatman and Helen H. Wang -- Thyroid / Edmund S. Cibas -- Salivary gland / Jeffrey F. Krane and William C. Faquin -- Lymph nodes / Paul E. Wakely, Jr., and Edmund S. Cibas -- Liver / Barbara S. Ducatman -- Pancreas and biliary tree / Jian Shen and David W. Kindelberger -- Kidney and adrenal gland / Andrew A. Renshaw and Edmund S. Cibas -- Ovary / Edmund S. Cibas -- Soft tissue / Xiaohua Qian -- Laboratory management / Edmund S. Cibas.</subfield>
  </datafield>
  <datafield tag="650" ind1="0" ind2="4">
    <subfield code="a">Cytodiagnosis.</subfield>
  </datafield>
  <datafield tag="650" ind1="0" ind2="4">
    <subfield code="a">Cytodiagnosis</subfield>
    <subfield code="x">methods.</subfield>
  </datafield>
  <datafield tag="650" ind1="0" ind2="4">
    <subfield code="a">Cytological Techniques.</subfield>
  </datafield>
  <datafield tag="700" ind1="1" ind2=" ">
    <subfield code="a">Ducatman, Barbara S.</subfield>
    <subfield code="e">author.</subfield>
  </datafield>
  <datafield tag="942" ind1=" " ind2=" ">
    <subfield code="2">ddc</subfield>
    <subfield code="c">BK</subfield>
  </datafield>
  <datafield tag="999" ind1=" " ind2=" ">
    <subfield code="c">62221</subfield>
    <subfield code="d">62221</subfield>
  </datafield>
  <datafield tag="952" ind1=" " ind2=" ">
    <subfield code="0">0</subfield>
    <subfield code="1">0</subfield>
    <subfield code="4">0</subfield>
    <subfield code="7">0</subfield>
    <subfield code="a">CAI</subfield>
    <subfield code="b">CAI</subfield>
    <subfield code="d">2016-05-04</subfield>
    <subfield code="l">0</subfield>
    <subfield code="o">616.07582 / C C</subfield>
    <subfield code="p">161880</subfield>
    <subfield code="r">2016-05-04 00:00:00</subfield>
    <subfield code="w">2016-05-04</subfield>
    <subfield code="y">BK</subfield>
  </datafield>
</record>
